000 00834nam a2200241Ia 4500
003 OSt
005 20220923223951.0
006 a|||||r|||| 00| 0
007 ta
008 220922b |||||||| |||| 00| 0 hin d
024 _a223,698
037 _cTextual
040 _aARTS
_cARTS
_bhin
041 _2hin
_ahin
082 _aO152,1I00:g, P3
100 _aब्रह्मचारी, रामाश्रय दास
245 0 _aसंत कबीर और उनका दर्शन
246 _aSanta kabīr aur unakā darshana
260 _aनयी दिल्ली
_b प्रकाशन संस्थान
_c2003
300 _a278पृ.
_ccm.
942 _hO152,1I00:g, P3
_cTEXL
_2CC
999 _c368464
_d368464